000 00854nam a2200217 a 4500
001 001065701
003 AM-YeHGA
005 20250618074355.0
008 150313s2015 ai r 000 0 arm d
040 _aAM-YeHGA
041 0 _aarm
100 1 _aՍիմոնյան, Ռուբեն Աբգարի,
_d1938-
_94194
245 1 0 _aՄասունքներ :
_b(Պատումներ): (Նվիրված Զորավար Անդրանիկի հերոսական կյանքին) /
_cՌ.Ա. Սիմոնյան; Խմբ.՝ Տ.Սիմոնյան.
260 _aԵրևան :
_bՆՏ հոլդինգ,
_c2015.
300 _a120 էջ :
_bնկ. ;
_c20 սմ.
500 _aՏողատ. ծանոթ.
600 1 4 _aԱնդրանիկ
650 1 4 _aՀայ ժողովրդի պատմություն
_xՆշանավոր դեմքեր
700 1 _aՍիմոնյան, Տ.
_eխմբ.
_4edt.
090 _c347848
999 _c346047
_d346047